| 000 | 03315nam a22003377a 4500 | ||
|---|---|---|---|
| 001 | PPSZ 0162 | ||
| 003 | gtcocun | ||
| 005 | 20251022164644.0 | ||
| 006 | a||||gr|||| 00| 0 | ||
| 007 | ta | ||
| 008 | 251022b2021 gt ||||| m||| 00| 0 eng d | ||
| 040 |
_agtcocun _bSPA _cgtcocun _eRDA |
||
| 041 | _aSPA PPSZ 0162 | ||
| 084 | _0PPSZ 0162 | ||
| 100 |
_aRamos Martínez, Hellen María José _eAutor |
||
| 245 |
_aINFORME FINAL DE PRÁCTICA PROFESIONAL SUPERVISADA, REALIZADA EN LA GRANJA AVÍCOLA CHISAC, UBICADA EN EL MUNICIPIO DE TACTIC, ALTA VERAPAZ/ _cHellen María José Ramos Martínez. _hImpreso |
||
| 264 |
_aCobán, Alta Verapaz: _bUniversidad de San Carlos de Guatemala, Centro Universitario del Norte, Carrera de Técnico en Producción Pecuaria _c2021 |
||
| 300 |
_a55 p.: _bIlustraciones, gráficas. _c28 cm; |
||
| 300 | _cPDF | ||
| 336 |
_2rdacontenido _aTexto _btxt |
||
| 337 |
_2rdamedio _aComputadora _bn |
||
| 338 |
_2rdasoporte _aCódigo en línea _bcr |
||
| 502 | _ePPSZ 0162 | ||
| 502 |
_aPráctica Profesional Supervisada _bCarrera de Técnico en Producción Pecuaria, _cUniversidad de San Carlos de Guatemala, Centro Universitario del Norte, Carrera de Técnico en Producción Pecuaria _d2021 _oPPSZ 0162 |
||
| 520 | 1 | 4 | _aEl informe de práctica y de investigación, tomó en cuenta aspectos de importancia zootécnica como lo son: nutrición, genética, reproducción, manejo, salud y comercialización de los productos y subproductos, pilares fundamentales de la granja en su desempeño productivo y de formación técnica al estudiante. La Práctica Profesional Supervisada -PPS- inicio con la elaboración del diagnóstico y mediante éste, se detectaron las fortalezas y debilidades existentes, y para contribuir con las producciones se programaron y priorizaron diversas actividades, las cuales se realizaron por parte del estudiante a partir de la tercera semana de septiembre al treinta y uno de octubre de 2019. Dichas actividades fueron: recepción de pollita, necropsia de pollita, vacunación y despique, colocación de esquineros con nidos en la galera de producción en sistema de piso, realización de horario de funciones en galeras automatizadas y de piso, análisis nutricional de la galera siete de aves de 27 semanas de edad. Durante este proceso se contempló una actividad de extensión y servicio, la cual fue realizada en el Orfanato “Rosas de Amor “, ubicada en la aldea Santa Catalina Chajaneb, del municipio de San Juan Chamelco, Alta Verapaz. Donde se realizó una plática sobre los Valores y culminó con la celebración del día del niño. Además, se realizó la investigación titulada: Análisis comparativo de parámetros productivos de inicio de postura, de la semana 18 a la semana 27, en aves Lohmann Brown manejadas en dos sistemas: piso y jaulas de la granja Chisac, S.A. |
| 650 | 1 | 4 |
_2LEMB _aTactic, Alta Verapaz _xZootecnia _xProducción avícola _xNutrición animal _xDiagnóstico zootécnico _xExtensión y servicio _xParámetros productivos |
| 700 |
_aLic. Selvin Gilberto López Peláez _eAsesor |
||
| 856 |
_uhttps://drive.google.com/file/d/1fTM7VCKD1Q-uZ01GtNHLWDfiRMVfjqvR/view _yPDF _zUn ejemplar en línea. |
||
| 942 |
_2ddc _cTES _iPPSZ 0162 _kClasificación _n0 _6PPSZ_0162_000000000000000 |
||
| 999 |
_c2389 _d2389 |
||